OUAT - Episodes en Français Quiz Stats

Quiz not verified by Sporcle

Challenge
Share
Tweet
Embed
Score 0/66 Timer 12:00
0 Plays Today
French English % Correct
TallahasseeTallahassee
79.6%
ManhattanManhattan
77.8%
ArielAriel
77.4%
Le CrocodileThe Crocodile
76.9%
Nous Ne Sommes Plus Au KansasKansas
71.7%
Le DocteurThe Doctor
66.7%
Le Nouveau Pays ImaginaireThe New Neverland
66%
DanielThe Stable Boy
63.9%
L'Enfant de la LuneChild of the Moon
62%
Verte de JalousieIt's Not Easy Being Green
60.4%
Au Nom de FrèreIn the Name of the Brother
60.2%
StorybrookeWelcome to Storybrooke
60.2%
L'orphelineLost Girl
58.5%
Pense à des Jolies ChosesThink Lovely Thoughts
58.5%
Nova et ReveurDreamy
58.3%
Le Chant de CricketThe Cricket Game
57.4%
Hansel et GretelTrue North
56.5%
La Petite Voix de la ConscienceThat Still Small Voice
54.6%
La Méchante ReineThe Evil Queen
54.6%
La Belle et le BêteSkin Deep
52.8%
La Reine de CoeurQueen of Hearts
52.8%
Le GéantTiny
52.8%
La Naissance d'un PirateGood Form
47.2%
Le Prix à PayerThe Price of Gold
44.4%
Fée ClochetteQuite A Common Fairy
43.4%
Chasse Aux SorcièresWitch Hunt
43.4%
On n'est Jamais Aussi Bien Que Chez SoiThere's No Place Like Home
43.4%
Le GénieFruit of the Poisonous Tree
42.6%
Le Pont des TrollsSnow Falls
41.7%
Le Retour de la MagieBroken
41.7%
LancelotLady of the Lake
41.7%
Un Pirate Dans La VilleNew York City Serenade
41.5%
Il Était Une FoisPilot
40.7%
French English % Correct
La Promesse de PinocchioThe Stranger
40.7%
Il Suffit d'y CroireThe Heart of the Truest Believer
39.6%
Peter Pan n'échoue jamaisSave Henry
39.6%
Le Chévalier D'OrWhat Happened to Frederick
38.9%
La Pomme EmpoisonnéeAn Apple Red as Blood
38.9%
Le YaoguaiThe Outsider
38.9%
Le Coeur de ChasseurThe Heart is a Lonely Hunter
38%
Le Chapelier FouHat Trick
38%
Un Poison Nommée CoraThe Queen Is Dead
38%
L'effet PapillonSnow Drifts
37.7%
La Boîte de PandoreDark Hollow
37.7%
Le Fantôme de la PeurThe Tower
37.7%
Le Choix du Capitaine CrochetThe Jolly Roger
37.7%
L'Ombre de Peter PanSecond Star to the Right
37%
Un Vrai Petit GarçonSelfless, Brave and True
36.1%
Le Grand Méchant LoupRed Handed
35.2%
Les Enfants PerdusNasty Habits
34%
Une Vie Pour Une VieQuiet Minds
32.1%
Le BergerThe Shepherd
30.6%
Le Pays ImaginaiareAnd Straight on 'Til Morning
30.6%
PrisonniersWe are Both
28.7%
Un Coeur Pour DeuxA Curious Thing
28.3%
Le Chemin des TénèbresHeart of Darkness
25.9%
Le Coeur Dans la BoîteThe Miller's Daughter
22.2%
Le Vol de la Colombe7:15 AM
20.4%
Le Bon FilsThe Return
20.4%
Le Véritable AmourA Land Without Magic
20.4%
Le Sort NoirThe Thing You Love Most
19.4%
Garder EspoirGoing Home
18.9%
Remonter le tempsBleeding Through
18.9%
Les Haricots MagiquesLacey
17.6%
Le Charme du SommeilInto the Deep
15.7%
Le TénébreuxHeart of Darkness
14.8%

You're not logged in!

Compare scores with friends on all Sporcle quizzes.
Join for Free
OR
Log In

You Might Also Like...

Show Comments

Extras

Top Quizzes Today


Score Distribution

Your Account Isn't Verified!

In order to create a playlist on Sporcle, you need to verify the email address you used during registration. Go to your Sporcle Settings to finish the process.

Report this User

Report this user for behavior that violates our Community Guidelines.

Details: